000 00236nam a2200109Ia 4500
005 20251222144840.0
008 251222s9999||||xx |||||||||||||| ||spa||
082 _a320.531.2/D61
245 0 _aSeminario:
264 _bIESC
942 _cLIB
999 _c21186
_d21186